| 000 | 00367pam a2200145 a 4500 | ||
|---|---|---|---|
| 020 |
_a9780323081764 _c |
||
| 041 | _h | ||
| 082 |
_a616.0757`92 _bCOL |
||
| 100 | _aBrian D. Coley . | ||
| 245 |
_aCaffey`s Pediatric Diagnostic Imaging Vol - 2 _hTextual Documents |
||
| 250 | _a12th ed. . | ||
| 260 |
_bElsevier Saunders _c2013 |
||
| 300 |
_a771: _b152. |
||
| 930 | _a10060 | ||
| 999 |
_c10053 _d10053 |
||